| 000 | 00617nam a22002057a 4500 | ||
|---|---|---|---|
| 005 | 20010101061037.0 | ||
| 008 | 010101b xxu||||| |||| 00| 0 eng d | ||
| 020 |
_a9788184574753 _c500 |
||
| 040 | _aLoreto College | ||
| 041 | _aEnglish | ||
| 082 |
_a371.102 _bSST-SHR |
||
| 100 | _aShrivastava,K.K. | ||
| 245 |
_aInstructional Methods and Curriculum in Social Studies _cK.K.Shrivastava |
||
| 260 |
_aNew Delhi _bKanishka Publishers _c2013 |
||
| 300 |
_a152p. _b22cm |
||
| 504 | _aIncludes bibliographical references and indexes. | ||
| 650 |
_aSocial Studies _vTeaching Methods |
||
| 850 | _aLCBED | ||
| 942 | _cBK | ||
| 999 |
_c40113 _d90592 |
||